Faye Webster - Wanna Quit All the Time - Statistics

General Stats
  • This quiz has been taken 9 times
  • The average score is 85 of 118
Answer Stats
lyrics % Correct
I
100%
negative
100%
out
100%
quit
100%
shit
100%
the
100%
all
75%
at
75%
be
75%
colour
75%
drinking,
75%
drunk
75%
figure
75%
for
75%
good
75%
hate
75%
house
75%
I'll
75%
I'm
75%
it
75%
just
75%
making
75%
my
75%
no
75%
of
75%
outside
75%
reason
75%
seeing
75%
stopped
75%
time
75%
to
75%
wanna
75%
you
75%
about
50%
again
50%
am
50%
attention
50%
better
50%
figuring
50%
freaks
50%
head
50%
huh
50%
in
50%
It's
50%
me
50%
now
50%
Other
50%
Overthinking
50%
really
50%
really,
50%
Right
50%
self-conscious
50%
still
50%
than
50%
that
50%
think
50%
uh
50%
used
50%
Well,
50%
why
50%
No matching quizzes found
Score Distribution
Percent of People with Each Score
Percentile by Number Answered
Your Score History
You have not taken this quiz